000 00679 a2200229 4500
999 _c10408
_d10408
020 _a9780123786081
050 _aQP601.3
_bCON 2009
100 _aPurich, Daniel. L
_eeditor
245 _aContemporary Enzyme Kinetics and Mechanism /
_cedited by Daniel L Purich
264 _aAmsterdam ; Boston, MA :
_bAcademic Press,
_c2009.
300 _axv, 683p. : ill. ; 24cm.
336 _2rdacontent
_atext
_btxt
337 _2rdamedia
_aunmediated
_bn
338 _2rdacarrier
_avolume
_bnc
440 _aReliable lab solutions
500 _alncludes index
504 _an/a
505 _an/a
520 _an/a
650 _a Enzyme kinetics.
942 _2lcc
_cBK
_h601.3
_iCON
_kQP